تصميم الأزياء / (رقم التسجيلة. 16839)

تفاصيل مارك
000 -LEADER
fixed length control field 00475nam a22001697a 4500
005 - DATE AND TIME OF LATEST TRANSACTION
control field 20251108164906.0
008 - FIXED-LENGTH DATA ELEMENTS--GENERAL INFORMATION
fixed length control field 250721s1994 xx 000 0 ara d
082 14 - DEWEY DECIMAL CLASSIFICATION NUMBER
Classification number 646.2/عما
100 1# - MAIN ENTRY--PERSONAL NAME
Personal name زكي، عماد
245 10 - TITLE STATEMENT
Title تصميم الأزياء /
264 1# - PRODUCTION, PUBLICATION, DISTRIBUTION, MANUFACTURE, AND COPYRIGHT NOTICE
Place of production, publication, distribution, manufacture عمان :
Name of producer, publisher, distributor, manufacturer دار المستقبل للنشر و التوزيع،
Date of production, publication, distribution, manufacture, or copyright notice 1994.
300 ## - PHYSICAL DESCRIPTION
Extent 132ص
650 17 - SUBJECT ADDED ENTRY--TOPICAL TERM
Topical term or geographic name as entry element الخياطة
700 1# - ADDED ENTRY--PERSONAL NAME
Personal name موسى، عزت رزق
942 ## - ADDED ENTRY ELEMENTS (KOHA)
Source of classification or shelving scheme Dewey Decimal Classification
Koha item type كتب
المقتنيات
حالة السحب حالة الفقدان مصدر التصنيف حالة التلف غير قابل للإعارة المكتبة الرئيسية المكتبة الحالية موقع الرف تاريخ التزويد الرقم المتسلسل Total Checkouts رقم الإستدعاء الباركود تاريخ آخر ظهور تاريخ الفاتورة نوع المادة (كوها)
    Dewey Decimal Classification     المكتبة المركزية المكتبة المركزية الإعارة 06/07/2004 274774   646.2/عما 274774 28/07/2025 06/07/2004 كتب
    Dewey Decimal Classification     المكتبة المركزية المكتبة المركزية الإعارة 06/07/2004 274773   646.2/عما 274773 28/07/2025 06/07/2004 كتب
    Dewey Decimal Classification Unchecked   مكتبة أم قصير والمقابلين العامة مكتبة أم قصير والمقابلين العامة الإعارة 06/07/2004 5454   646.2/عما   28/07/2025 06/07/2004 كتب
Implemented & Customized by: BBB with SCIT (Smart Chains for Information Technology)

Powered by Koha